01183nam a2200241 a 450000100100000000500170001000800410002704000250006808200170009310000330011024501100014326000340025330000270028749000690031465000390038371000510042283000760047304900090054995201300055895201150068895201210080399900170092400001715420240307073946.0100319s1985 dr a 000 0 spa d aDO-SdBNPbspacBNPHU a519.3bR893m1 aRozas Aristy, Eduardo93777710aMétodo de optimizaciones sucesivas :bcuadernos de teoría de la arquitectura /cEduardo Rozas Aristy. aSanto Domingo :bUASD,c1985. a70 p. :bil. ;c27 cm.1 aPublicaciones de la Universidad Autónoma de Santo Domingov454 4aOptimización matemática9258121 aUniversidad Autónoma de Santo Domingo972951 0aPublicaciones de la Universidad Autónoma de Santo Domingon454937778 aBNPD 001054708DSaGRbGRcCTd2011-01-28iLF1l0o519.3 R893mp17154-30r2020-06-25te. 3w2020-06-25yLFDSZPréstamo en sala 0010718PDaPDbPDcCTd2010-03-19iLF1l0o519.3 R893mp17154-10r2020-06-25w2020-06-25yLFPDZNo se presta 0010718PDaPDbPDcCTd2011-01-28iLF1l0o519.3 R893mp17154-20r2020-06-25te. 2w2020-06-25yLFPDZNo se presta c16680d16680